<?xml version="1.0" encoding="UTF-8"?>
<collection xmlns="http://www.loc.gov/MARC21/slim">
 <record>
  <leader>03229cam a2200649   4500</leader>
  <controlfield tag="001">235106461</controlfield>
  <controlfield tag="003">DE-627</controlfield>
  <controlfield tag="005">20220503135245.0</controlfield>
  <controlfield tag="007">tu</controlfield>
  <controlfield tag="008">971007s1997    gw ||||| m    00| ||ger c</controlfield>
  <datafield tag="020" ind1=" " ind2=" ">
   <subfield code="a">3406106870</subfield>
   <subfield code="9">3-406-10687-0</subfield>
  </datafield>
  <datafield tag="035" ind1=" " ind2=" ">
   <subfield code="a">(DE-627)235106461</subfield>
  </datafield>
  <datafield tag="035" ind1=" " ind2=" ">
   <subfield code="a">(DE-576)062439413</subfield>
  </datafield>
  <datafield tag="035" ind1=" " ind2=" ">
   <subfield code="a">(DE-599)GBV235106461</subfield>
  </datafield>
  <datafield tag="035" ind1=" " ind2=" ">
   <subfield code="a">(OCoLC)612058935</subfield>
  </datafield>
  <datafield tag="035" ind1=" " ind2=" ">
   <subfield code="a">(OCoLC)38966266</subfield>
  </datafield>
  <datafield tag="035" ind1=" " ind2=" ">
   <subfield code="a">(DE-604)8115566740</subfield>
  </datafield>
  <datafield tag="040" ind1=" " ind2=" ">
   <subfield code="a">DE-627</subfield>
   <subfield code="b">ger</subfield>
   <subfield code="c">DE-627</subfield>
   <subfield code="e">rakwb</subfield>
  </datafield>
  <datafield tag="041" ind1=" " ind2=" ">
   <subfield code="a">ger</subfield>
  </datafield>
  <datafield tag="044" ind1=" " ind2=" ">
   <subfield code="c">XA-DE-BY</subfield>
  </datafield>
  <datafield tag="082" ind1="0" ind2=" ">
   <subfield code="a">343.43/30252</subfield>
  </datafield>
  <datafield tag="082" ind1="0" ind2=" ">
   <subfield code="a">s</subfield>
  </datafield>
  <datafield tag="082" ind1="0" ind2=" ">
   <subfield code="a">943/.3</subfield>
  </datafield>
  <datafield tag="082" ind1="0" ind2=" ">
   <subfield code="a">943/.3 s</subfield>
  </datafield>
  <datafield tag="084" ind1=" " ind2=" ">
   <subfield code="a">NS 1250</subfield>
   <subfield code="2">rvk</subfield>
   <subfield code="0">(DE-625)rvk/130312:</subfield>
  </datafield>
  <datafield tag="084" ind1=" " ind2=" ">
   <subfield code="a">NS 4200</subfield>
   <subfield code="2">rvk</subfield>
   <subfield code="0">(DE-625)rvk/130797:</subfield>
  </datafield>
  <datafield tag="084" ind1=" " ind2=" ">
   <subfield code="a">15.56</subfield>
   <subfield code="2">bkl</subfield>
  </datafield>
  <datafield tag="100" ind1="1" ind2=" ">
   <subfield code="a">Bachmann, Christoph</subfield>
   <subfield code="d">1963-</subfield>
   <subfield code="0">(DE-588)14314796X</subfield>
   <subfield code="0">(DE-627)704403420</subfield>
   <subfield code="0">(DE-576)333925378</subfield>
   <subfield code="4">aut</subfield>
  </datafield>
  <datafield tag="245" ind1="1" ind2="0">
   <subfield code="a">Öffnungsrecht und herzogliche Burgenpolitik in Bayern im späten Mittelalter</subfield>
   <subfield code="c">von Christoph Bachmann</subfield>
  </datafield>
  <datafield tag="246" ind1="1" ind2=" ">
   <subfield code="i">Nebent.</subfield>
   <subfield code="a">Das herzogliche Öffnungsrecht an Burgen in Altbayern</subfield>
  </datafield>
  <datafield tag="246" ind1="3" ind2="3">
   <subfield code="a">Das herzogliche Öffnungsrecht an Burgen in Altbayern</subfield>
  </datafield>
  <datafield tag="264" ind1=" " ind2="1">
   <subfield code="a">München</subfield>
   <subfield code="b">Beck</subfield>
   <subfield code="c">1997</subfield>
  </datafield>
  <datafield tag="300" ind1=" " ind2=" ">
   <subfield code="a">XXVI, 257 S.</subfield>
   <subfield code="b">graph. Darst.</subfield>
  </datafield>
  <datafield tag="336" ind1=" " ind2=" ">
   <subfield code="a">Text</subfield>
   <subfield code="b">txt</subfield>
   <subfield code="2">rdacontent</subfield>
  </datafield>
  <datafield tag="337" ind1=" " ind2=" ">
   <subfield code="a">ohne Hilfsmittel zu benutzen</subfield>
   <subfield code="b">n</subfield>
   <subfield code="2">rdamedia</subfield>
  </datafield>
  <datafield tag="338" ind1=" " ind2=" ">
   <subfield code="a">Band</subfield>
   <subfield code="b">nc</subfield>
   <subfield code="2">rdacarrier</subfield>
  </datafield>
  <datafield tag="490" ind1="1" ind2=" ">
   <subfield code="a">Schriftenreihe zur bayerischen Landesgeschichte</subfield>
   <subfield code="v">106</subfield>
  </datafield>
  <datafield tag="502" ind1=" " ind2=" ">
   <subfield code="a">Zugl.: München, Univ., Diss., 1992 u.d.T.: Bachmann, Christoph: Das herzogliche Öffnungsrecht an Burgen in Altbayern</subfield>
  </datafield>
  <datafield tag="655" ind1=" " ind2="7">
   <subfield code="a">Hochschulschrift</subfield>
   <subfield code="0">(DE-588)4113937-9</subfield>
   <subfield code="0">(DE-627)105825778</subfield>
   <subfield code="0">(DE-576)209480580</subfield>
   <subfield code="2">gnd-content</subfield>
  </datafield>
  <datafield tag="689" ind1="0" ind2="0">
   <subfield code="d">g</subfield>
   <subfield code="0">(DE-588)4235821-8</subfield>
   <subfield code="0">(DE-627)104898992</subfield>
   <subfield code="0">(DE-576)210391731</subfield>
   <subfield code="a">Altbayern</subfield>
   <subfield code="2">gnd</subfield>
  </datafield>
  <datafield tag="689" ind1="0" ind2="1">
   <subfield code="d">s</subfield>
   <subfield code="0">(DE-588)4319174-5</subfield>
   <subfield code="0">(DE-627)240708733</subfield>
   <subfield code="0">(DE-576)211207934</subfield>
   <subfield code="a">Öffnungsrecht</subfield>
   <subfield code="2">gnd</subfield>
  </datafield>
  <datafield tag="689" ind1="0" ind2="2">
   <subfield code="a">z</subfield>
   <subfield code="2">gnd</subfield>
   <subfield code="a">Geschichte 1330-1604</subfield>
  </datafield>
  <datafield tag="689" ind1="0" ind2=" ">
   <subfield code="5">DE-101</subfield>
  </datafield>
  <datafield tag="751" ind1=" " ind2=" ">
   <subfield code="a">München</subfield>
   <subfield code="0">(DE-588)4127793-4</subfield>
   <subfield code="0">(DE-627)105722073</subfield>
   <subfield code="0">(DE-576)209596570</subfield>
   <subfield code="4">uvp</subfield>
  </datafield>
  <datafield tag="787" ind1="0" ind2="8">
   <subfield code="i">Rezensiert in</subfield>
   <subfield code="a">Lückerath, Carl August, 1936 - </subfield>
   <subfield code="t">[Rezension von: Christoph Bachmann, Öffnungsrecht und herzogliche Burgenpolitik in Bayern im späten Mittelalter]</subfield>
   <subfield code="d">Braubach : Europäisches Burgeninstitut, 1998</subfield>
   <subfield code="w">(DE-627)1700766228</subfield>
  </datafield>
  <datafield tag="830" ind1=" " ind2="0">
   <subfield code="a">Schriftenreihe zur bayerischen Landesgeschichte</subfield>
   <subfield code="v">106</subfield>
   <subfield code="9">106</subfield>
   <subfield code="w">(DE-627)130113530</subfield>
   <subfield code="w">(DE-576)015644057</subfield>
   <subfield code="w">(DE-600)504145-4</subfield>
  </datafield>
  <datafield tag="856" ind1="4" ind2="2">
   <subfield code="u">http://www.gbv.de/dms/spk/sbb/toc/235106461.pdf</subfield>
   <subfield code="m">V:DE-601</subfield>
   <subfield code="m">B:DE-1</subfield>
   <subfield code="q">pdf/application</subfield>
   <subfield code="x">Verlag</subfield>
   <subfield code="y">Inhaltsverzeichnis</subfield>
   <subfield code="3">Inhaltsverzeichnis</subfield>
  </datafield>
  <datafield tag="935" ind1=" " ind2=" ">
   <subfield code="i">Blocktest</subfield>
  </datafield>
  <datafield tag="936" ind1="r" ind2="v">
   <subfield code="a">NS 1250</subfield>
   <subfield code="b">Sonstige Reihen der bayerischen Landesgeschichte</subfield>
   <subfield code="k">Bayerische Landesgeschichte</subfield>
   <subfield code="k">Allgemeines</subfield>
   <subfield code="k">Sonstige Reihen der bayerischen Landesgeschichte</subfield>
   <subfield code="0">(DE-627)1271475472</subfield>
   <subfield code="0">(DE-625)rvk/130312:</subfield>
   <subfield code="0">(DE-576)201475472</subfield>
  </datafield>
  <datafield tag="936" ind1="r" ind2="v">
   <subfield code="a">NS 4200</subfield>
   <subfield code="b">Rechtsgeschichte</subfield>
   <subfield code="k">Bayerische Landesgeschichte</subfield>
   <subfield code="k">Geschichte der einzelnen Landesteile</subfield>
   <subfield code="k">Altbayern</subfield>
   <subfield code="k">Herzogtum Bayern (1180 - 1506)</subfield>
   <subfield code="k">Rechtsgeschichte</subfield>
   <subfield code="0">(DE-627)127147588X</subfield>
   <subfield code="0">(DE-625)rvk/130797:</subfield>
   <subfield code="0">(DE-576)20147588X</subfield>
  </datafield>
  <datafield tag="936" ind1="b" ind2="k">
   <subfield code="a">15.56</subfield>
   <subfield code="j">Bayern</subfield>
   <subfield code="x">Geschichte</subfield>
   <subfield code="0">(DE-627)181571625</subfield>
  </datafield>
  <datafield tag="951" ind1=" " ind2=" ">
   <subfield code="a">BO</subfield>
  </datafield>
  <datafield tag="990" ind1=" " ind2=" ">
   <subfield code="a">Altbayern</subfield>
  </datafield>
  <datafield tag="990" ind1=" " ind2=" ">
   <subfield code="a">Öffnungsrecht</subfield>
  </datafield>
  <datafield tag="990" ind1=" " ind2=" ">
   <subfield code="a">Geschichte 1330-1604</subfield>
  </datafield>
  <datafield tag="991" ind1=" " ind2=" ">
   <subfield code="a">Rezensiertes Werk</subfield>
  </datafield>
  <datafield tag="999" ind1=" " ind2=" ">
   <subfield code="a">KXP-PPN235106461</subfield>
   <subfield code="e">4185195753</subfield>
  </datafield>
 </record>
</collection>
